[Event "Aeroflot Open Rapid KO"]
[Site "Moscow RUS"]
[Date "2013.02.15"]
[Round "2.2"]
[White "Eljanov,P"]
[Black "Guseinov,G"]
[Result "1-0"]
[WhiteElo "2678"]
[BlackElo "2623"]

1.d4 Nf6 2.c4 g6 3.Nc3 Bg7 4.e4 d6 5.Nf3 O-O 6.Be2 e5 7.d5 a5 8.Bg5 Na6 9.Nd2 Bd7
10.O-O Kh8 11.a3 Qe8 12.b3 Ng8 13.Rb1 f5 14.f3 Bh6 15.Bxh6 Nxh6 16.b4 axb4
17.axb4 g5 18.c5 dxc5 19.Bxa6 Rxa6 20.bxc5 f4 21.Rxb7 Rg6 22.Rxc7 g4 23.c6 Bc8
24.Qe1 Ba6 25.Qh4 Bxf1 26.Kxf1 gxf3 27.Nxf3 Qa8 28.Qe7 Qa6+ 29.Ke1 Qa1+ 30.Nd1 Qa5+
31.Nd2 Rf7 32.Qxe5+ Rgg7 33.Rxf7 Nxf7 34.Qe8+ Rg8 35.Qxf7 Rxg2 36.Qf8+ Rg8
37.Qxf4 Rg1+ 38.Kf2 Qc5+ 39.Qe3  1-0

[Event "ch-ROU 2013"]
[Site "Baile Olanesti ROU"]
[Date "2013.02.16"]
[Round "1.36"]
[White "Glodeanu,I"]
[Black "Vasiliu,Cosmin"]
[Result "1-0"]
[WhiteElo "2180"]
[BlackElo "1778"]

1.Nf3 Nf6 2.c4 g6 3.Nc3 Bg7 4.e4 d6 5.d4 O-O 6.Be2 Nbd7 7.O-O e5 8.Be3 exd4
9.Nxd4 Re8 10.f3 Nf8 11.Qd2 Ne6 12.Rad1 Nxd4 13.Bxd4 Be6 14.Rfe1 Nd7 15.Be3 Ne5
16.b3 a6 17.Nd5 Bxd5 18.cxd5 Nd7 19.Rc1 b6 20.Bd3 Ra7 21.Rc2 Nb8 22.Rec1 Bf6
23.a4 Rb7 24.Qe2 a5 25.Ba6 Nxa6 26.Qxa6 Qb8 27.Qb5 Re7 28.Rd1 Kg7 29.Bf2 Kg8
30.Be1 Qe8 31.Bf2 Qxb5 32.axb5 Kf8 33.Rc4 Bb2 34.Ra4 Bc3 35.Be1 Bxe1 36.Rxe1 f5
37.Kf2 fxe4 38.Raxe4 Rxe4 39.Rxe4 Rb8 40.h4 Kf7 41.g4 Rg8 42.Rc4 Rc8 43.Re4 Rg8
44.Kg3 Rd8 45.f4 Rf8 46.Rc4 Rc8 47.g5 Ke7 48.f5 gxf5 49.Kf4 Kd7 50.Kxf5 Rf8+
51.Kg4 Rf7 52.h5 Ke8 53.Re4+ Kd8 54.g6 hxg6 55.hxg6 Rf2 56.Kg5  1-0

[Event "ch-ROU 2013"]
[Site "Baile Olanesti ROU"]
[Date "2013.02.16"]
[Round "1.35"]
[White "Rusu,V"]
[Black "Russu,E"]
[Result "0-1"]
[WhiteElo "1778"]
[BlackElo "2198"]

1.c4 Nf6 2.Nc3 g6 3.d4 Bg7 4.e4 d6 5.Nf3 O-O 6.Be2 e5 7.dxe5 dxe5 8.Qxd8 Rxd8
9.Bg5 Re8 10.Nd5 Nxd5 11.cxd5 c6 12.dxc6 Nxc6 13.O-O Nd4 14.Nxd4 exd4 15.Bd3 Be6
16.b3 Rec8 17.Bd2 Bf8 18.Rfc1 Ba3 19.Rxc8+ Rxc8 20.Rd1 a6 21.f3 f6 22.f4 f5
23.Kf2 b5 24.Kf3 h5 25.Rg1 Kf7 26.Re1 Kf6 27.Ke2 Bd7 28.Kd1 Bc6 29.exf5 gxf5
30.Re5 Bd7 31.Rd5 Be6 32.Re5 Rg8 33.Bf1 Bd6 34.Re2 Bd5 35.Bc1 Be4 36.Bb2 Bc5
37.Rd2 Rd8 38.b4 Bb6 39.g3 Ke6 40.Be2 h4 41.g4 d3 42.gxf5+ Bxf5  0-1

[Event "TCh-CAT Div Hon 2013"]
[Site "Catalonia ESP"]
[Date "2013.02.16"]
[Round "5.2"]
[White "Gonzalez Perez,A"]
[Black "Perez Mitjans,O"]
[Result "1/2-1/2"]
[WhiteElo "2474"]
[BlackElo "2496"]

1.d4 Nf6 2.c4 g6 3.Nc3 Bg7 4.e4 d6 5.Nf3 O-O 6.Be2 e5 7.dxe5 dxe5 8.Qxd8 Rxd8
9.Bg5 Re8 10.O-O-O h6 11.Bh4 Na6 12.Ne1 Nc5 13.f3 c6 14.Nc2 a5 15.Rd2 Be6
16.Rhd1 Nfd7 17.Nd5 cxd5 18.cxd5 Bg4 19.fxg4 g5 20.Be1 Nxe4 21.Rd3 b6 22.Kb1 Nd6
23.Ne3 e4 24.R3d2 Be5 25.g3 Rac8 26.Rc1 Rxc1+ 27.Kxc1 Rc8+ 28.Rc2 Rxc2+ 29.Kxc2 Kf8
30.b4 Bd4 31.Nc4 Nxc4 32.Bxc4 Ne5 33.Be2 Nf3 34.Bc3 Bxc3 35.Kxc3 axb4+ 36.Kxb4 Nd4
37.Bc4 Ke7 38.Kc3 Nf3 39.Kb4 Kd6 40.Kb5 e3 41.Kxb6 Nd4 42.a4 e2 43.Bxe2 Nxe2
44.a5 Nc3 45.a6 Nxd5+ 46.Kb7 Kd7 47.a7 Nc7 48.h4 gxh4 49.gxh4 f6 50.h5 Na8
51.Kxa8 Kc7 52.g5  1/2-1/2

[Event "TCh-NED Meesterklasse 2012-13"]
[Site "Netherland NED"]
[Date "2013.02.16"]
[Round "6.2"]
[White "Grooten,H"]
[Black "Van der Weide,K"]
[Result "1/2-1/2"]
[WhiteElo "2318"]
[BlackElo "2451"]

1.d4 Nf6 2.c4 g6 3.Nc3 Bg7 4.e4 d6 5.Nf3 O-O 6.Be2 e5 7.Be3 exd4 8.Nxd4 Re8
9.f3 c6 10.Bf2 a6 11.O-O b5 12.a3 Bb7 13.Nb3 bxc4 14.Bxc4 a5 15.Na4 d5 16.Nbc5 Bc8
17.Ba2 Na6 18.Qc2 Rb8 19.Rad1 Nxc5 20.Bxc5 Qc7 21.Bd4 dxe4 22.fxe4 Be6 23.Rxf6 Bxa2
24.Rxc6 Qf4 25.Bxg7 Qe3+ 26.Qf2 Qxf2+ 27.Kxf2 Bb3 28.Rd4 Bxa4 29.Rxa4 Kxg7
30.Rc2 Re5 31.b4 axb4 32.Rxb4 Rxb4 33.axb4 Rxe4 34.Rb2 Kf6 35.b5 Re7 36.g4 h6
37.h4 Rb7 38.b6 Ke5 39.Ke3 Kd5 40.Kf4 Kd4 41.g5 hxg5+ 42.hxg5 Kd5 43.Rb1 Ke6
44.Ke4 Kd6 45.Kd4 Rd7 46.b7 Kc7+ 47.Ke5 Kb8 48.Kf6 Rd5  1/2-1/2

[Event "ch-ROU 2013"]
[Site "Baile Olanesti ROU"]
[Date "2013.02.17"]
[Round "2.8"]
[White "Russu,E"]
[Black "Georgescu,T"]
[Result "1-0"]
[WhiteElo "2198"]
[BlackElo "2396"]

1.d4 d6 2.c4 g6 3.Nc3 Bg7 4.Nf3 Nf6 5.e4 O-O 6.Be2 Na6 7.O-O e5 8.d5 Nc5
9.Nd2 a5 10.b3 Bh6 11.Qc2 Bd7 12.Re1 Ne8 13.Nf3 Bxc1 14.Raxc1 f5 15.Nd2 Nf6
16.a3 b6 17.Bf3 fxe4 18.Ncxe4 Nfxe4 19.Nxe4 a4 20.Nxc5 bxc5 21.Be4 axb3 22.Qxb3 Qf6
23.f3 Rfb8 24.Qc3 Qg5 25.Rb1 Bf5 26.Rxb8+ Rxb8 27.a4 Bc8 28.Rb1 Ra8 29.a5 Ba6
30.Rb2 Rf8 31.Rb1 Kg7 32.Rb2 h5 33.Rb1 h4 34.h3 Qg3 35.Rb2 Rf4 36.Rc2 Rf8
37.Rb2 Bc8 38.Kh1 g5 39.Qd2 Ba6 40.Qc3 Rf4 41.Rc2 Rf8 42.Rb2 Qf4 43.Rb1 Qg3
44.Rb2 Rh8 45.Rc2 Rb8 46.Rb2 Rh8 47.Rc2 Kf6 48.Rc1 Qf2 49.Bb1 Rg8 50.Qd3 Bc8
51.a6 Qb2 52.Rg1 Qb6 53.Qh7 Rg7 54.Qh8 Qxa6 55.Qd8+ Re7 56.Bg6 Qxc4 57.Bh5 Qxd5
58.Qxc8 Kg7 59.Qf5 Qd2 60.Qg6+ Kf8 61.Ra1  1-0

[Event "62nd ch-BUL w SF 2013"]
[Site "Plovdiv BUL"]
[Date "2013.02.17"]
[Round "9.5"]
[White "Vasileva,V"]
[Black "Bednikova,S"]
[Result "0-1"]
[WhiteElo "1768"]
[BlackElo "2079"]

1.d4 Nf6 2.Nf3 g6 3.c4 Bg7 4.Nc3 O-O 5.e4 d6 6.Be2 e5 7.O-O exd4 8.Nxd4 Re8
9.f3 Nc6 10.Be3 Nh5 11.Re1 Nf4 12.Qd2 Bxd4 13.Bxd4 Nxd4 14.Qxd4 Qg5 15.Bf1 Bh3
16.Qd2 Bxg2 17.Kf2 Nh3+ 18.Ke2 Bxf3+ 19.Kd3 Qxd2+ 20.Kxd2 Ng5 21.Bd3 c6 22.h4 Ne6
23.b4 Rad8 24.Rf1 Bg4 25.Rae1 Nd4 26.Re3 Re5 27.Ne2 Bxe2 28.Bxe2 Nxe2 29.Kxe2 Rde8
30.Rf4 d5 31.cxd5 cxd5 32.Kd3 Rxe4  0-1

[Event "US Amateur Team East 2013"]
[Site "Parsippany USA"]
[Date "2013.02.18"]
[Round "6"]
[White "Chua,Al"]
[Black "Williams,C USA"]
[Result "1/2-1/2"]
[WhiteElo "2279"]
[BlackElo "2150"]

1.d4 Nf6 2.c4 g6 3.Nc3 Bg7 4.e4 O-O 5.Nf3 d6 6.Be2 e5 7.O-O Na6 8.dxe5 dxe5
9.Be3 c6 10.Qxd8 Rxd8 11.Rfd1 Re8 12.h3 Nh5 13.a3 Nc7 14.Rd2 Nf4 15.Bf1 h6
16.Rad1 Be6 17.Kh2 f5 18.Bc5 Bf7 19.Bd6 Rac8 20.Re1 Nfe6 21.Bxe5 Rcd8 22.Rxd8 Rxd8
23.exf5 gxf5 24.Rd1 Rxd1 25.Nxd1 Bh5 26.Bxg7 Bxf3 27.gxf3 Kxg7 28.Kg3 Kf6
29.f4 Nc5 30.Kf3 N7e6 31.Ke3 Nb3 32.Nc3 a5 33.Bd3 Ned4 34.Na4 Ke6 35.Nc5+ Nxc5
36.Kxd4 Nxd3 37.Kxd3 c5 38.h4 a4 39.Kc3 Kd6 40.b3 Kc6  1/2-1/2

[Event "ch-ROU 2013"]
[Site "Baile Olanesti ROU"]
[Date "2013.02.19"]
[Round "5.5"]
[White "Miroiu,G"]
[Black "Nevednichy,V"]
[Result "1/2-1/2"]
[WhiteElo "2314"]
[BlackElo "2542"]

1.d4 Nf6 2.c4 g6 3.Nc3 Bg7 4.e4 d6 5.Be2 O-O 6.Nf3 e5 7.O-O Nbd7 8.Be3 Re8
9.d5 Ng4 10.Bg5 f6 11.Bd2 a5 12.Ne1 Nh6 13.Nd3 f5 14.f3 Nc5 15.Nxc5 dxc5
16.Be3 b6 17.Qd2 f4 18.Bf2 Nf7 19.b3 h5 20.a3 Bf8 21.Na2 Bd6 22.b4 axb4 23.axb4 Qe7
24.Rab1 Bd7 25.Nc1 Ra4 26.bxc5 bxc5 27.Rb2 g5 28.Nd3 Rea8 29.Rfb1 Kh7 30.Qc2 Kh6
31.Rb8 g4 32.Kh1 Ra2 33.Qd1 Ng5 34.Bh4 Qg7 35.Nf2 gxf3 36.gxf3 Be7 37.Rxa8 Rxa8
38.Bxg5+ Qxg5 39.Ra1 Rb8 40.Rb1 Rg8 41.Qg1 Ra8 42.Qxg5+ Kxg5 43.Rb2 Kg6 44.Kg2 Kf7
45.Bf1 Ra1 46.Nd3 Bd6 47.Kf2 Bc8 48.Rb8 Ba6 49.Ra8 Ra2+ 50.Be2 Bxc4 51.Rxa2 Bxa2
52.Nb2 Kg6 53.Bb5 Kg5 54.Bc4 Bb1 55.Kg2 Bc2 56.Kf2 Kh4 57.Kg2 Be7 58.Nd3 Bd6
59.Nb2 Be7 60.Nd3 Bf6 61.Nxc5 Be7 62.Ne6 Bd6 63.Ba2 Ba4 64.Bc4 Bd7 65.Ba2 Bxe6
66.dxe6 Kg5 67.Bd5 Kf6 68.Kh3 Be7 69.Kg2 Bb4 70.Kf2 Ke7 71.Ke2 Kd6 72.Kd3 Be1
73.Bb3 Bh4 74.Ba4 Kxe6 75.Be8 Bg3 76.h3 h4 77.Kc4 Kd6 78.Ba4 c6 79.Bd1 Kc7
80.Bc2 Kd8 81.Bd1 Ke8 82.Bc2 Bf2 83.Bd1 Bb6 84.Bc2 Bd8 85.Bd1 Be7 86.Bc2 Bf8
87.Bd1  1/2-1/2

[Event "Moscow Gov Cup A Rapid"]
[Site "Moscow RUS"]
[Date "2013.02.19"]
[Round "6.4"]
[White "Rychagov,Alexander"]
[Black "Belous,V"]
[Result "1-0"]
[WhiteElo "1895"]
[BlackElo "2553"]

1.d4 Nf6 2.c4 g6 3.Nc3 Bg7 4.e4 d6 5.Nf3 O-O 6.Be2 Na6 7.O-O e5 8.Re1 Qe8
9.Bf1 Bg4 10.d5 Nb4 11.Be2 a5 12.a3 Na6 13.Be3 Bd7 14.Nd2 Kh8 15.Rb1 Ng8
16.b4 axb4 17.axb4 Bh6 18.Bxh6 Nxh6 19.c5 f5 20.c6 Bc8 21.Ra1 bxc6 22.b5 cxb5
23.Bxb5 Qe7 24.Qe2 Qh4 25.Nf3 Qg4 26.Bxa6 Rxa6 27.h3 Qh5 28.Rxa6 fxe4 29.Nxe4 Rxf3
30.Ra8 Re3 31.Rxc8+ Kg7 32.Rxc7+ Kh8 33.Qxe3  1-0

[Event "ch-Central Serbia 2013"]
[Site "Pozarevac SRB"]
[Date "2013.02.19"]
[Round "2.1"]
[White "Milanovic,Da"]
[Black "Popovic,AM"]
[Result "1-0"]
[WhiteElo "2496"]
[BlackElo "2271"]

1.d4 Nf6 2.c4 g6 3.Nc3 Bg7 4.e4 O-O 5.Nf3 d6 6.Be2 e5 7.Be3 exd4 8.Nxd4 Re8
9.f3 c6 10.Bf2 a6 11.O-O b5 12.a3 Bb7 13.Nb3 Qe7 14.Na5 Bc8 15.Qd2 Be6 16.Rad1 Bf8
17.Rfe1 Qc7 18.b4 Nbd7 19.Rc1 bxc4 20.Nxc4 d5 21.exd5 Nxd5 22.Ne4 h6 23.Na5 Ne5
24.Nc5 Red8 25.Bg3 Bg7 26.Bf1 g5  1-0

[Event "Moscow Gov Cup A Rapid"]
[Site "Moscow RUS"]
[Date "2013.02.20"]
[Round "9.11"]
[White "Mirzoeva,E"]
[Black "Isaly,S"]
[Result "1-0"]
[WhiteElo "2282"]
[BlackElo "2098"]

1.d4 Nf6 2.c4 g6 3.Nc3 Bg7 4.e4 d6 5.Nf3 O-O 6.Be2 e5 7.Be3 exd4 8.Nxd4 Re8
9.f3 c6 10.Bf2 d5 11.exd5 cxd5 12.O-O Nc6 13.c5 Nh5 14.Qd2 Be5 15.g3 Ng7
16.Bb5 Bd7 17.Nde2 Be6 18.Rad1 Qa5 19.Nd4 Nxd4 20.Bxd4 Bxd4+ 21.Qxd4 Nf5
22.Qf2 Red8 23.g4 Ne7 24.Qd4 a6 25.Ba4 Rac8 26.b4 Qc7 27.Ne2 a5 28.a3 axb4
29.axb4 Ra8 30.Bb5 Nc6 31.Bxc6 bxc6 32.Ra1 Re8 33.Nf4 Qb7 34.h4 h6 35.h5 g5
36.Nd3 Rxa1 37.Rxa1 Bc8 38.Qf6 Re6 39.Qd8+ Kg7 40.f4 Qb5 41.Rd1 Re3 42.fxg5 Rxd3
43.Qf6+ Kh7 44.Qxf7+ Kh8 45.Qf6+ Kg8 46.Qg6+  1-0

[Event "Moscow Gov Cup A Rapid"]
[Site "Moscow RUS"]
[Date "2013.02.20"]
[Round "9.16"]
[White "Karmanova,M"]
[Black "Rodionova,Polina"]
[Result "1-0"]
[WhiteElo "2059"]
[BlackElo "2093"]

1.c4 Nf6 2.Nc3 g6 3.d4 Bg7 4.e4 d6 5.Nf3 O-O 6.Be2 e5 7.d5 a5 8.Bg5 h6 9.Bh4 Na6
10.Nd2 Qe8 11.h3 Nh7 12.f3 f5 13.Bf2 Nf6 14.g4 fxg4 15.hxg4 h5 16.g5 Nh7
17.Be3 Qe7 18.Rg1 Rf4 19.Bxf4 exf4 20.Qc2 Bd4 21.Rh1 Nxg5 22.O-O-O Qe5 23.a3 Bd7
24.Nf1 Nc5 25.Kb1 a4 26.Nb5 Bxb5 27.cxb5 Kf7 28.Nd2 b6 29.Nc4 Qf6 30.Rh4 Ke7
31.Rh2 Nf7 32.Qc1 Rh8 33.Qc2 g5 34.Rdh1 Qg6 35.Qd2 Nb3 36.Qc2 Kd8 37.Bd3 Nc5
38.Be2 Ne5 39.Qd2 Nb3 40.Qd1 Nd7 41.Nd2 Nbc5 42.Nc4 Nb3 43.Nd2 Nxd2+ 44.Qxd2 Be3
45.Qc3 Nc5 46.Qxh8+  1-0

[Event "ch-ROU 2013"]
[Site "Baile Olanesti ROU"]
[Date "2013.02.21"]
[Round "7.18"]
[White "Glodeanu,I"]
[Black "Stanciu,Al"]
[Result "0-1"]
[WhiteElo "2180"]
[BlackElo "2383"]

1.Nf3 Nf6 2.c4 g6 3.Nc3 Bg7 4.e4 d6 5.d4 O-O 6.Be2 Nbd7 7.O-O e5 8.Be3 Re8
9.d5 Ng4 10.Bg5 f6 11.Bh4 Nh6 12.Nd2 g5 13.Bg3 Nf8 14.f3 f5 15.Bf2 Ng6 16.c5 Bf8
17.cxd6 cxd6 18.Nc4 Nf4 19.Rc1 g4 20.Ne3 Nxe2+ 21.Qxe2 f4 22.Nf5 Nxf5 23.exf5 gxf3
24.gxf3 Bxf5 25.Ne4 Bh3 26.Rfd1 Be7 27.Kh1 Kh8 28.Rg1 Qa5 29.Qd3 Rg8 30.a3 Raf8
31.b4 Qa4 32.Rc7 Rxg1+ 33.Kxg1 Rg8+ 34.Bg3 Rg7 35.Nf2 Bd7 36.b5 fxg3 37.Ne4 Qa5  0-1

[Event "ch-ROU 2013"]
[Site "Baile Olanesti ROU"]
[Date "2013.02.21"]
[Round "8.22"]
[White "Pisu,R"]
[Black "Secheres,Ad"]
[Result "0-1"]
[WhiteElo "2031"]
[BlackElo "2160"]

1.d4 Nf6 2.c4 g6 3.Nc3 Bg7 4.Nf3 O-O 5.e4 d6 6.Be2 e5 7.dxe5 dxe5 8.Qxd8 Rxd8
9.Bg5 Rf8 10.Nd5 Nxd5 11.cxd5 c6 12.Bc4 b5 13.Bb3 Bb7 14.Rd1 c5 15.O-O Nd7
16.Rc1 Rac8 17.a4 a6 18.axb5 axb5 19.Ra1 Ra8 20.Rfc1 Rfc8 21.Bd1 Bf8 22.Nd2 f5
23.Nb3 Rxa1 24.Rxa1 c4 25.Ra7 cxb3 26.Rxb7 Nc5 27.Rxb5 Nxe4 28.Be3 f4 29.Rxb3 fxe3
30.Rxe3 Rc1 31.Re1 Bb4 32.Rf1 Nd2  0-1

[Event "ch-Central Serbia 2013"]
[Site "Pozarevac SRB"]
[Date "2013.02.21"]
[Round "5.3"]
[White "Antic,De"]
[Black "Markovic,Miros1"]
[Result "1/2-1/2"]
[WhiteElo "2473"]
[BlackElo "2486"]

1.d4 Nf6 2.Nf3 g6 3.c4 Bg7 4.Nc3 O-O 5.e4 d6 6.Be2 e5 7.O-O exd4 8.Nxd4 Re8
9.f3 c6 10.Kh1 Nh5 11.g4 Nf6 12.Bf4 h5 13.Nf5 gxf5 14.gxf5 Kh8 15.Rg1 Nh7
16.Bxd6 Nd7 17.Qd2 Be5 18.Bxe5+ Rxe5 19.f4 Re8 20.Bxh5 Qe7 21.Qg2 Qf8 22.Rad1 Ndf6
23.Bf3 Qh6 24.e5 Bxf5 25.exf6 Rg8 26.Qd2 Nxf6 27.Qd4 Rae8 28.Rxg8+ Kxg8 29.Rg1+ Kh7
30.c5 Qh4 31.Rg3 Re7 32.Kg2 Rd7 33.Qe5 Rd2+ 34.Be2 Bg4 35.Qe7 Be6 36.f5 Rxe2+
37.Nxe2 Qe4+ 38.Kg1 Qb1+ 39.Kf2  1/2-1/2

[Event "ch-ROU w 2013"]
[Site "Baile Olanesti ROU"]
[Date "2013.02.22"]
[Round "7.15"]
[White "Banciu,Bianca-Gabriela"]
[Black "Bogdan,El"]
[Result "0-1"]
[WhiteElo "1591"]
[BlackElo "1829"]

1.d4 Nf6 2.c4 g6 3.Nc3 Bg7 4.e4 d6 5.Nf3 O-O 6.Be2 Nbd7 7.O-O e5 8.d5 Ne8
9.Ne1 f5 10.Nd3 Qh4 11.g3 Qe7 12.exf5 gxf5 13.f4 Ndf6 14.Qc2 Kh8 15.Nd1 Ne4
16.Bf3 N8f6 17.Bg2 Ng4 18.Bxe4 fxe4 19.N3f2 exf4 20.Bxf4 e3 21.Nxg4 Bxg4
22.Nxe3 Rxf4 23.Rxf4 Qxe3+ 24.Kg2 Qe2+ 25.Rf2 Qxc2 26.Rxc2 Bf5 27.Rd2 Re8
28.Rf1 Bh6 29.Rdd1 Be4+ 30.Kh3 Bg6 31.b3 Re2 32.Rde1 Rxe1 33.Rxe1 Bg5 34.Kg2 Kg7
35.h4 Bf6 36.Kh3 c6 37.dxc6 bxc6 38.g4 Be5 39.c5 Kf6 40.Rc1 d5 41.Rf1+ Ke7
42.Kg2 Be4+ 43.Kh3 a5 44.Rc1 Ke6 45.a4 d4 46.b4 axb4 47.a5 Bd3 48.Ra1 Ba6
49.g5 d3 50.Rd1 b3 51.Kg4 Kf7 52.Rb1 d2 53.Kf3 b2 54.Ke3 Bc3  0-1

[Event "ch-ROU 2013"]
[Site "Baile Olanesti ROU"]
[Date "2013.02.22"]
[Round "9.11"]
[White "Secheres,Ad"]
[Black "Baratosi,D"]
[Result "0-1"]
[WhiteElo "2160"]
[BlackElo "2424"]

1.d4 d6 2.c4 e5 3.Nf3 Nd7 4.e4 Ngf6 5.Nc3 g6 6.Be2 Bg7 7.O-O O-O 8.d5 Nc5
9.Qc2 a5 10.b3 Bd7 11.Be3 b6 12.h3 Nh5 13.Nd2 Nf4 14.Kh2 f5 15.f3 Qh4 16.Bf2 Qh5
17.Rh1 Rf7 18.Bf1 Raf8 19.Kg1 Bh6 20.Rd1 Qg5 21.h4 Qe7 22.g3 Nh5 23.Bg2 Nf6
24.Re1 Bxd2 25.Qxd2 fxe4 26.fxe4 Ng4 27.Be3 Nxe3 28.Rxe3 Bg4 29.Qe1 Rf6 30.Nb1 R8f7
31.Nd2 Qf8 32.Nf1 Bf3 33.Bxf3 Rxf3 34.Nd2 Nd3 35.Qe2 Rxe3 36.Qxe3 Nf2 37.Kg2 Nxh1
38.Kxh1 Qc8 39.Kg2 Qg4 40.Nf3 h6 41.a3 Kg7 42.b4 axb4 43.axb4 Rf8 44.c5 Ra8
45.Qe2 bxc5 46.bxc5 dxc5 47.Qc4 Ra3 48.Qe2 h5 49.Kf2 Kf6 50.Kg2 Ke7 51.Qf2 Qxf3+  0-1

[Event "VI Karkonosze Open A"]
[Site "Karpacz POL"]
[Date "2013.02.22"]
[Round "7.1"]
[White "Malaniuk,V"]
[Black "Dubinski,M"]
[Result "1-0"]
[WhiteElo "2515"]
[BlackElo "2198"]

1.d4 Nf6 2.Nf3 g6 3.c4 Bg7 4.Nc3 O-O 5.e4 d6 6.Be2 e5 7.O-O exd4 8.Nxd4 Re8
9.f3 Nc6 10.Be3 Nh5 11.Qd2 Nf4 12.Rfd1 Nxd4 13.Bxd4 Bxd4+ 14.Qxd4 Nxe2+ 15.Nxe2 b6
16.Nc3 Bb7 17.Rac1 Qg5 18.Nd5 Bxd5 19.cxd5 Re7 20.Qd2 Qh4 21.Qf2 Qh5 22.Rc4 f5
23.Qc2 fxe4 24.Rxe4 Rae8 25.Rde1 Qg5 26.Rxe7 Rxe7 27.Rxe7 Qxe7 28.Qd2 a5
29.g3 Qe5 30.Kg2 h5 31.h4 Kf7 32.a4 Kf6 33.Kf2 c5 34.dxc6 Qc5+ 35.Ke2 Qxc6
36.Qc3+ Qxc3 37.bxc3 Ke5 38.Ke3 Kd5 39.Kd3 Kc5 40.g4 b5 41.axb5 Kxb5 42.f4 hxg4
43.f5 g3 44.Ke2 g2 45.Kf2 g1=Q+ 46.Kxg1 a4 47.fxg6 a3 48.g7 a2 49.g8=Q a1=Q+
50.Kh2 Qb2+ 51.Qg2 Qxc3 52.Qb7+ Ka5 53.Qa7+ Kb5 54.Qb8+ Ka4 55.Qxd6 Qf3 56.Qg3 Qf5
57.Qe3 Qg4 58.Qg5 Qe2+ 59.Kg3 Qe1+ 60.Kf4 Qf2+ 61.Ke5 Qe2+ 62.Kf6 Qa6+ 63.Kg7 Qb7+
64.Kg6 Qc6+ 65.Qf6 Qc1 66.Kg7 Qc7+ 67.Kg6 Qc2+ 68.Kh6  1-0

[Event "ch-Central Serbia w 2013"]
[Site "Pozarevac SRB"]
[Date "2013.02.22"]
[Round "7.4"]
[White "Petrovic,Tijana"]
[Black "Injac,Teodora"]
[Result "1-0"]
[WhiteElo "1666"]
[BlackElo "1745"]

1.Nf3 Nf6 2.d4 g6 3.c4 Bg7 4.Nc3 O-O 5.e4 d6 6.Be2 e5 7.Be3 Nbd7 8.O-O c6
9.dxe5 dxe5 10.Nd2 Qe7 11.a3 Rd8 12.Qc2 Qf8 13.b4 Bh6 14.Bxh6 Qxh6 15.Nf3 Re8
16.Rad1 Nf8 17.Rd6 Nh5 18.Rfd1 Bg4 19.b5 Nf4 20.Qd2 Qh5 21.Qe3 N8e6 22.R1d2 Nxg2
23.Kxg2 Nf4+ 24.Kg1 Nxe2+ 25.Nxe2 Bxf3 26.Ng3 Qg4 27.R2d3 Bxe4 28.Qxe4 Qg5
29.bxc6 bxc6 30.Qxc6 Rac8 31.Qd5 h5 32.Kh1 Qc1+ 33.Rd1 Qxa3 34.Rd7 Rf8 35.Rg1 Rc5
36.Qg2 h4 37.Nf5 h3 38.Qg3 Qxg3 39.Rxg3 Rxc4 40.Ne7+ Kh8 41.Rxh3+ Kg7 42.Rxa7 Rf4
43.Kg2 Rd8 44.Rf3 Rxf3 45.Kxf3 Kf6 46.Nc6 Rh8 47.Kg3 Rh5 48.Nd8 Rh7 49.h3 Rg7
50.Ra3 Ke7 51.Nc6+ Kd6 52.Nb4 Ke6 53.Nd3 f6 54.f4 e4 55.Nf2 f5 56.Kh4 Kd5
57.Kg5 Kd4 58.Nd1 Rg8 59.Kf6 Rc8 60.Kxg6 Rc1 61.Ne3 Rg1+ 62.Kxf5 Rh1 63.Kg4 Rh2
64.h4 Re2 65.h5 Rxe3 66.Rxe3 Kxe3 67.h6 Kd2 68.h7 e3 69.h8=Q e2 70.Qd4+ Kc1
71.Qf2  1-0

[Event "ch-Central Serbia w 2013"]
[Site "Pozarevac SRB"]
[Date "2013.02.22"]
[Round "7.5"]
[White "Petrovic,Tamara"]
[Black "Rakic,Te"]
[Result "0-1"]
[WhiteElo "1657"]
[BlackElo "1825"]

1.Nf3 Nf6 2.c4 g6 3.d4 Bg7 4.Nc3 O-O 5.e4 d6 6.Be2 Nbd7 7.O-O e5 8.Be3 Ng4
9.Bg5 f6 10.Bd2 f5 11.h3 Ngf6 12.Ng5 Qe7 13.d5 Nc5 14.exf5 gxf5 15.b4 Na6
16.Rb1 e4 17.h4 Ne8 18.Qc1 h6 19.Nh3 Qxh4 20.Nf4 Qf6 21.Bh5 Kh7 22.Nce2 Rg8
23.Bg6+ Kh8 24.Ng3 Qf8 25.Ne6 Bxe6 26.dxe6 Be5 27.Bxh6 Qf6 28.Bf7 f4 29.Nxe4 Qxh6
30.Bxg8 Kxg8 31.e7 Qh7 32.Nd2 Qxe7 33.Qc2 Nf6 34.Nf3 Qg7 35.Qf5 Qg4 36.Qg5+ Qxg5
37.Nxg5 Kg7 38.Rfd1 Kg6 39.Nf3 Ng4 40.a3 Bf6 41.Re1 Ne5 42.Nxe5+ Bxe5 43.Rbd1 Nb8
44.Rd3 Nc6 45.Rc1 Nd4 46.Rcd1 Ne6 47.Re1 a5 48.Rd5 axb4 49.axb4 Ra4 50.c5 Rxb4
51.cxd6 cxd6 52.Rxd6 Kf6 53.Rdd1 Rb2 54.Rb1 b6 55.Rxb2 Bxb2 56.Rb1 Bd4 57.Kf1 Ke5
58.Rb5+ Ke4 59.Ke2 Bc5 60.f3+ Kd4 61.Rb1 Kd5 62.Kd3 Nd4 63.Re1 Nf5 64.Rb1 Ne3
65.Rb2 Nc4 66.Rb5 Ne5+ 67.Kc3 Kc6 68.Rb1 b5 69.Rd1 b4+ 70.Kb3 Kb5 71.Rd8 Nc6
72.Rd5 Nd4+ 73.Kb2 Kc4 74.Re5 Bd6 75.Re4 Kd3 76.Re1 Nf5 77.Kb3 Ne3 78.Rc1 Ke2
79.Rc6 Nf5 80.Rc2+ Kf1 81.Rd2 Bf8 82.Rd8 Bd6 83.Rg8 Ng3 84.Rd8 Bc5 85.Rc8 Be3
86.Rc2 Nh1 87.Kxb4 Nf2 88.Kc3 Kxg2 89.Re2 Kxf3 90.Re1 Ke4 91.Rf1 f3 92.Kc4 Kf4
93.Kd5 Kg3 94.Rg1+ Kf4 95.Rg8 Ng4 96.Rf8+ Kg3 97.Ke4 f2 98.Rf3+ Kg2 99.Rxf2+ Bxf2
100.Kf4 Ne3 101.Ke4 Kg3 102.Kd3 Kf3 103.Kd4 Bg3 104.Kd3 Be5 105.Kd2 Ke4 106.Kc1 Kd3
107.Kb1 Bd6 108.Kc1 Ba3+ 109.Kb1 Kc3 110.Ka2 Nc4 111.Ka1 Kc2 112.Ka2 Bc1
113.Ka1 Ne5 114.Ka2 Nd3 115.Ka1 Bb2+ 116.Ka2 Nb4+  0-1

[Event "33rd TCh-IND 2013"]
[Site "Hyderabad IND"]
[Date "2013.02.23"]
[Round "4.4"]
[White "Sharma,Di"]
[Black "Joy,A"]
[Result "1-0"]
[WhiteElo "2378"]
[BlackElo "1898"]

1.d4 Nf6 2.Nf3 g6 3.c4 Bg7 4.Nc3 d6 5.e4 O-O 6.Be2 Nbd7 7.O-O e5 8.d5 Nc5
9.Qc2 a5 10.Be3 b6 11.Nd2 Ng4 12.Bxg4 Bxg4 13.b3 Bd7 14.a3 f5 15.f3 f4 16.Bf2 Be8
17.b4 Nd7 18.Nb3 a4 19.Nd2 Nf6 20.c5 bxc5 21.bxc5 g5 22.c6 h5 23.Nxa4 g4
24.Nc3 Nh7 25.Rfb1 Qg5 26.Kf1 Bh6 27.Rb7 g3 28.Bg1 gxh2 29.Bxh2 Rf7 30.Nb5 Rg7
31.Nc4 Qd8 32.Bg1 h4 33.Nxc7 Rxc7 34.Bb6 Rac8 35.Rxc7 Rxc7 36.Rb1 Bf8 37.Bxc7 Qxc7
38.Rb7 Qc8 39.Nb6 Qd8 40.c7 Bb5+ 41.Kg1 Qg5 42.c8=Q Qg3 43.Qg4+  1-0

[Event "Moscow Gov Cup A Rapid KO"]
[Site "Moscow RUS"]
[Date "2013.02.23"]
[Round "3.1"]
[White "Odnorozhenko,E"]
[Black "Apryshko,G"]
[Result "0-1"]
[WhiteElo "2305"]
[BlackElo "2312"]

1.d4 Nf6 2.c4 g6 3.Nc3 Bg7 4.e4 O-O 5.Nf3 d6 6.Be2 Na6 7.O-O e5 8.d5 Nh5
9.g3 Qe8 10.Ne1 Nf6 11.Nd3 Nc5 12.Nxc5 dxc5 13.Be3 Qe7 14.a3 a5 15.f3 Ne8
16.Nb5 b6 17.Rb1 a4 18.b4 axb3 19.Qxb3 Nd6 20.Nxd6 Qxd6 21.a4 Bd7 22.Ra1 Ra7
23.Ra3 Rfa8 24.Rfa1 Bf8 25.Bd2 Be7 26.a5 Bd8 27.axb6 Rxa3 28.Rxa3 Rxa3 29.Qxa3 cxb6
30.Bd1 b5 31.Qa8 Qb6 32.cxb5 c4+ 33.Kg2 Bxb5 34.Bh6 Ba6 35.Ba4 c3 36.Qc6 Qxc6
37.Bxc6 Be7 38.Ba4 Bc5 39.Bc1 Bd3 40.g4 Kf8 41.Kg3 Ke7 42.f4 exf4+ 43.Kxf4 f6
44.h4 Bd6+ 45.Ke3 Bb1 46.Kd4 Be5+ 47.Kc4 Bxe4 48.Ba3+ Bd6 49.Bc1 c2 50.Kd4 f5
51.Bg5+ Kf7 52.gxf5 gxf5 53.Bc1 Kg6 54.Be8+ Kf6 55.Bg5+ Kg7 56.Bc1 Be7 57.Ba4 Bxh4
58.d6 Bf6+ 59.Kc5 Bd8 60.Kd4 Kf6 61.Kc3 Ke5 62.Bxc2 Bxc2 63.Kxc2 Kxd6 64.Kd3 Kd5
65.Ke2 Ke4 66.Kf2 h5 67.Bh6 Bc7 68.Kg2 Bf4 69.Bf8 Bg5 70.Bd6 Bf4 71.Bf8 Bg5
72.Bd6 Bf4 73.Bf8 Ke5 74.Kf3 Bg5 75.Bg7+ Ke6 76.Bc3 Kd5 77.Ba5 Ke6 78.Bc7 h4
79.Bh2 Bf6 80.Bf4 Be5 81.Bg5 h3 82.Bd2 h2 83.Kg2 Kd5 84.Bg5 Ke4 85.Bh6 Bg3
86.Bd2 Bf4 87.Bb4 Ke5 88.Bc3+ Ke6 89.Bb4 Kf7 90.Bc5 Kg6 91.Bb6 Kh5 92.Bd4 Kg4
93.Bc5 Be5 94.Be3 Kh4 95.Bd2 Kh5 96.Be3 Kg6 97.Bd2 Kf6 98.Be3 Ke6 99.Bd2 Kd5
100.Be3 Ke4 101.Bd2 Bf4 102.Bb4 Be5 103.Bd2 Bd4 104.Kxh2 Kf3 105.Be1 f4 106.Bh4 Ke2
107.Kh3 f3 108.Kg4 Bf2 109.Bf6 Ba7 110.Bh4 Bb8 111.Kf5 Kf1 112.Ke4 Kg2 113.Kf5 Bg3  0-1

[Event "29th Open"]
[Site "Cappelle la Grande FRA"]
[Date "2013.02.24"]
[Round "2.41"]
[White "Vazquez Igarza,R"]
[Black "Calistri,T"]
[Result "1-0"]
[WhiteElo "2565"]
[BlackElo "2349"]

1.d4 Nf6 2.c4 g6 3.Nc3 Bg7 4.e4 d6 5.Nf3 O-O 6.Be2 e5 7.Be3 Na6 8.O-O Ng4
9.Bg5 Qe8 10.dxe5 dxe5 11.Qc1 h6 12.Bd2 Kh7 13.h3 Nf6 14.Be3 Qe7 15.Nd5 Qd8
16.Nxf6+ Qxf6 17.c5 Nb4 18.Rd1 a6 19.Bc4 Qe7 20.c6 Nxc6 21.Bd5 Nd4 22.Nxd4 exd4
23.Bxd4 Bxd4 24.Rxd4 c6 25.Bb3 Be6 26.Bxe6 Qxe6 27.Qd2 Rae8 28.b4 f5 29.Re1 fxe4
30.Rexe4 Qxe4 31.Rxe4 Rxe4 32.Qd7+ Kh8 33.Qxb7 Re1+ 34.Kh2 Re6 35.Qxa6 Ref6
36.Qb6 Kh7 37.a4 h5 38.a5 Rxf2 39.Qxc6 h4 40.a6 R8f6 41.Qa4  1-0

[Event "11th TCh-IND w 2013"]
[Site "Hyderabad IND"]
[Date "2013.02.24"]
[Round "5.1"]
[White "Bhakti,K"]
[Black "Mohota,N"]
[Result "1/2-1/2"]
[WhiteElo "2231"]
[BlackElo "2327"]

1.d4 Nf6 2.c4 g6 3.Nc3 Bg7 4.e4 d6 5.Be2 O-O 6.Nf3 e5 7.dxe5 dxe5 8.Qxd8 Rxd8
9.Bg5 Re8 10.Nd5 Nxd5 11.cxd5 c6 12.Bc4 cxd5 13.Bxd5 Nd7 14.Nd2 Nc5 15.Nc4 Bf8
16.O-O Be6 17.Bxe6 Rxe6 18.f3 f6 19.Be3 Rc8 20.b3 b5 21.Nb2 Rec6 22.Rac1 Ne6
23.Rxc6 Rxc6 24.Rc1 Rxc1+ 25.Bxc1 Bc5+ 26.Kf1 Kf7  1/2-1/2

[Event "29th Open"]
[Site "Cappelle la Grande FRA"]
[Date "2013.02.25"]
[Round "3.52"]
[White "Malakhatko,V"]
[Black "Palacios,A"]
[Result "1-0"]
[WhiteElo "2565"]
[BlackElo "2285"]

1.d4 Nf6 2.c4 g6 3.Nc3 Bg7 4.e4 d6 5.Nf3 O-O 6.Be2 e5 7.O-O Nbd7 8.Qc2 Re8
9.d5 Nh5 10.g3 Bf8 11.Ne1 Ng7 12.Nd3 f5 13.f3 Be7 14.Be3 Rf8 15.b4 Bg5 16.Bf2 Nf6
17.Qb3 fxe4 18.Nxe4 Nxe4 19.fxe4 Bh3 20.Rfd1 Nh5 21.Bf1 Qc8 22.Bg2 Bxg2 23.Kxg2 Qg4
24.Re1 Bd2 25.Qd1 Qg5 26.Re2 Bc3 27.Rc1 Nf4+ 28.Nxf4  1-0